书目信息 |
| 题名: |
微传感器与微执行器全书
|
|
| 作者: | 科瓦奇 著 ;张文栋 译 | |
| 分册: | ||
| 出版信息: | 北京 科学出版社 2003 |
|
| 页数: | 29,673页 | |
| 开本: | 24cm | |
| 丛书名: | ||
| 单 册: | ||
| 中图分类: | TP212 , TH86 | |
| 科图分类: | ||
| 主题词: | 微型--传感器 , 微型--执行器 , 微型 , 传感器 , 执行器 | |
| 电子资源: | ||
| ISBN: | 7-03-010565-6 | |
| 000 | 01209nam0 2200325 450 | |
| 001 | 002341113 | |
| 005 | 20070805144617.89 | |
| 010 | @a7-03-010565-6@b精装@dCNY78.00 | |
| 100 | @a20030331e20052003em y0chiy0110 ea | |
| 101 | 1 | @achi@ceng |
| 102 | @aCN@b110000 | |
| 105 | @ay z 001yy | |
| 106 | @ar | |
| 200 | 1 | @a微传感器与微执行器全书@Awei chuan gan qi yu wei zhi xing qi quan shu@f(美)格雷戈里 T. A.科瓦奇(Gregory T. A. Kovacs)著@F( mei ) ge lei ge li T. A. ke wa qi (Gregory T. A. Kovacs) zhu@g张文栋等译@Gzhang wen dong deng yi |
| 210 | @a北京@c科学出版社@d2003@h2005重印 | |
| 215 | @a29,673页@d24cm | |
| 306 | @a与美国麦格劳-希尔教育出版集团合作出版 | |
| 330 | @a本书共分九章,涉及了MEMS技术的所有研究领域,畅述了各个领域中MEMS相关的基本原理,并在此基础上对典型器件和系统的设计与工艺进行了详细的介绍。 | |
| 510 | 1 | @aMicromachined Transducers Sourcebook@zeng |
| 606 | 0 | @a微型@x传感器 |
| 606 | 0 | @a微型@x执行器 |
| 606 | 0 | @a微型 |
| 606 | 0 | @a传感器 |
| 606 | 0 | @a执行器 |
| 690 | @aTP212@v4 | |
| 690 | @aTH86@v4 | |
| 701 | 0 | @c(美)@a科瓦奇@Ake wa qi@c(Kovacs, Gregory T. A.)@4著 |
| 702 | 0 | @a张文栋@Azhang wen dong@4译 |
| 801 | 0 | @aCN@bNLC@c20070805 |
| 905 | @dTP212@e23@f5 | |
| 微传感器与微执行器全书/(美)格雷戈里 T. A.科瓦奇(Gregory T. A. Kovacs)著/张文栋等译.-北京:科学出版社,2003(2005重印) |
| 29,673页;24cm |
| ISBN 7-03-010565-6(精装):CNY78.00 |
| 本书共分九章,涉及了MEMS技术的所有研究领域,畅述了各个领域中MEMS相关的基本原理,并在此基础上对典型器件和系统的设计与工艺进行了详细的介绍。 |
| ● |
| 相关链接 |
|
|
|
|
正题名:微传感器与微执行器全书
索取号:TP212/23
 
预约/预借
| 序号 | 登录号 | 条形码 | 馆藏地/架位号 | 状态 | 备注 |
| 1 | 0851611 | 208516113 | 第二样本阅览室/ [索取号:TP212/23] | 在馆 | |
| 2 | 0851612 | 208516122 | 第三借阅区/ [索取号:TP212/23] | 在馆 | |
| 3 | 0851613 | 208516131 | 第三借阅区/ [索取号:TP212/23] | 在馆 | |
| 4 | 0851614 | 208516140 | 第三借阅区/ [索取号:TP212/23] | 在馆 | |
| 5 | 0851615 | 208516159 | 第三借阅区/ [索取号:TP212/23] | 在馆 |